| 000 | 00000ngm 2200000zi 4500 |
| 001 | 9.929386 |
| 003 | CaOODSP |
| 005 | 20240416151550 |
| 006 | m o c f |
| 007 | cr cn |||||||| |
| 008 | 231024t20232023quc016 fo v|sgn d |
| 020 | |a9780660684550 |
| 040 | |aCaOODSP|beng|erda|cCaOODSP |
| 041 | 7|aase|2ISO 639-3 |
| 043 | |an-cn--- |
| 086 | 1 |aEm12-105/2023E-MP4 |
| 245 | 00|aCanada Disability Benefit Act S.C. 2023, c. 17 : |bassented to 2023-06-22. |
| 264 | 1|a[Gatineau, Quebec] : |b[Employment and Social Development Canada = Emploi et deĢveloppement social Canada], |c[2023] |
| 264 | 4|c©2023 |
| 300 | |a1 online resource (1 video file (16 min., 09 sec.)) : |bsilent, colour |
| 336 | |atwo dimensional moving image|btdi|2rdacontent |
| 337 | |acomputer|bc|2rdamedia |
| 338 | |aonline resource|bcr|2rdacarrier |
| 500 | |aIssued also in French under title: Loi sur la prestation canadienne pour les personnes handicapées, L.C. 2023, ch. 17 : sanctionée 2023-06-22. |
| 500 | |aTitle from opening screen. |
| 538 | |aSystem requirements: Multimedia player software such as Windows Media Player. |
| 538 | |aMode of access: World Wide Web. |
| 546 | |aIn American Sign Language. |
| 650 | 0|aDisability insurance|xLaw and legislation|zCanada. |
| 655 | 7|aVideo recordings for the hearing impaired|2lcgft |
| 655 | 7|aInternet videos|2lcgft |
| 710 | 1 |aCanada. |bEmployment and Social Development Canada, |eissuing body. |
| 775 | 08|tLoi sur la prestation canadienne pour les personnes handicapées, L.C. 2023, ch. 17 : |w(CaOODSP)9.929387 |
| 856 | 40|qMP4|s1.44 GB|uhttps://publications.gc.ca/collections/collection_2024/edsc-esdc/Em12-105-2023-eng.mp4 |
| 856 | 4 |qHTML|sN/A|uhttps://www.canada.ca/en/employment-social-development/programs/disabilities-benefits/reading-bill-c22.html |